000
00189 a2200097 4500
020
_a
9780307376442
041
_a
spa
100
_a
Michael Crichton
245
_a
Estado de miedo
942
_c
BK
999
_c
14383
_d
14383